Ultimatives Olivia Rodrigo Quiz - Statistiken

Allgemein
  • Dieses Quiz wurde 211 mal gespielt
  • Das Durchschnittsergebnis liegt bei 5 aus 10
Antwortstatistiken
Frage Antwort % Korrekt
Welches Thema adressiert Olivia Rodrigo in ihren Liedern? Liebe
95%
Wie groß ist Olivia Rodrigo? 1,65 m
81%
Welchen Sänger erwähnt Olivia Rodrigo in ihrem Single "deja vu"? Billy Joel
79%
Woher kamen die Vorfahren von Olivia Rodrigos Mutter? Irland/Deutschland
58%
Mit welcher Kopfhörer-Marke hat Olivia Rodrigo September 2023 eine Kooperation abgeschlossen? Sony
47%
Wie viele Grammys hat Olivia Rodrigo 2022 erhalten? 3
42%
Wie viele Lieder umfassen die Alben "SOUR" und "GUTS"? 23
35%
Zu welchem Anteil ist Olivia Rodrigo philippinisch? 3/8
35%
In welche Stadt ist Olivia Rodrigo 2023 umgezogen? New York
30%
Aus welchem Grund besuchte Olivia Rodrigo im Jahre 2021 das Weiße Haus? Corona-Pandemie
21%
Keine übereinstimmenden Quizze gefunden
Verteilung der Resultate
Anzahl Personen mit jedem Resultat
Perzentil nach korrekt beantworteten Fragen
Ihre Resultats-Entwicklung
Sie haben dieses Quiz noch nicht gespielt